Fruit Growing (Record no. 4100)

MARC details
000 -LEADER
fixed length control field 00367nam a22001577a 4500
008 - FIXED-LENGTH DATA ELEMENTS--GENERAL INFORMATION
fixed length control field 250703b |||||||| |||| 00| 0 eng d
020 ## - INTERNATIONAL STANDARD BOOK NUMBER
ISBN 9789327239805
100 ## - MAIN ENTRY--AUTHOR
Author Bal J.S
245 ## - TITLE STATEMENT
Title Fruit Growing
250 ## - EDITION STATEMENT
Edition statement 3rd
260 ## - PUBLICATION, DISTRIBUTION, ETC. (IMPRINT)
Place of publication New Delhi
Name of publisher Kalyani Publishers
Date of publication 2019
300 ## - COLLATION
Pagination 434p.
650 ## - TRACINGS
Main Subject Collected Works
942 ## - ADDED ENTRY ELEMENTS (KOHA)
Item type Books
050 ## - LIBRARY OF CONGRESS CALL NUMBER
Classification number SB 354
Item number .B35
Holdings
Source of classification or shelving scheme Not for loan Permanent location Current location Date acquired Accession No. Full call number Barcode. Koha item type
Library of Congress Classification   Samuel Ogbemudia Main Library, University of Abuja Samuel Ogbemudia Main Library, University of Abuja 07/03/2025 2024/62077 SB 354 .B35 2025-2832 Books